Pražské Noviny. č. 1-101, 1841

Podrobná bibliografia
Médium: Kniha
Jazyk:neznámy jazyk
Vydavateľské údaje: Praha Synové Bohumila Háze 1841

MARC

LEADER 00000nam a2200000 a 4500
001 vtls001420097
003 SK-MaSNL
005 20260223132047.0
008 180810s1841 xx 0 und
035 |a SNK000374931 
040 |a SNK  |b slo  |c SNK  |e AACR2 
245 1 |a Pražské Noviny. č. 1-101, 1841 
260 |a Praha  |b Synové Bohumila Háze  |c 1841 
958 |a ONDV 
999 |c 554393  |d 556323 
952 |t P60, <06>, [BOOK], {606}  |a SNK  |b SNK  |y PREZ  |7 0  |p 17A0315174  |o snkČC 82/1841  |0 0  |1 1  |4 0  |d 2001-09-10  |l 0  |r 2005-01-02 00:00:00  |w 2026-02-23